| 000 | 00856nas a2200253 4500 | ||
|---|---|---|---|
| 001 | BR0702748 | ||
| 003 | BR-BrBNA | ||
| 005 | 20231205110812.0 | ||
| 007 | ta | ||
| 008 | 230509b bl.|||p| |||| 00| 00por d | ||
| 040 |
_aBR-BrBNA _bpor _cBiblioteca Nacional de Agricultura |
||
| 041 | _a(Pt) | ||
| 072 | _aE70 | ||
| 100 | 1 | _aCruz, A.C. da | |
| 100 | 1 | _aTeixeira, E.C. | |
| 245 | 1 | _aDesempenho da politica de garantia de preços via contratos de opção de venda para escoamento de produto | |
| 650 | _aCOMERCIALIZAÇÃO | ||
| 650 | _aPREÇO | ||
| 650 | _aESCOAMENTO DA PRODUÇÃO | ||
| 773 | 0 |
_tRevista de Política Agrícola (Brazil) _xISSN 1413-4969 _g(Oct-Dec 2006), v. 15(4) p. 24-36 _wBR0702748 |
|
| 856 | 4 |
_uRev_Pol_Agr_v15_n4-2006.pdf#page=25 _yRecurso eletrônico (PDF) |
|
| 909 |
_a202311 _bLúcia _c55 _dLúcia Elande |
||
| 942 |
_2AGRIS _n0 _cANA |
||
| 999 |
_c189132 _d189132 |
||